000 00451nam a2200133 4500
999 _c9044
_d9044
008 180405b ||||| |||| 00| 0 eng d
082 _aDPer 050 Dec 2015-Mar 2016 T48 v186-187
100 _927168
_aBremmer, Ian.
245 _aZika afflicts an already weak Brazil/
_cIan Bremmer.
260 _aNew York:
_bTime Inc.,
_c©Dec 2015-Mar 2016.
300 _av187 n6-7, page 10:
_billustrations;
_c27 cm.
650 0 _927169
_aViruses.
942 _2ddc
_cPER